000 00827cab a2200253 4500
001 ABS46076
008 090401t1992 xxu||||| |||| 00| 0 eng d
035 _a(Sirsi) u56720
041 _aeng
100 _aFleming, M.
245 _aHousing and the impact of demographic change: the next two decades
260 _c1992
350 _a0
490 _aCBSI Journal
_v46(210) March 1992, 18-23(6)
520 _aBased on figures published in, DoE "Household projections, England 1989-2011" (HMSO 1991), the authors emphasis the importance of demographic statistics in assessing future housing market needs and trends.
650 _aDEMOGRAPHIC TRENDS
650 _aHOUSING MARKET
650 _aPOPULATION
650 _aSTATISTICS
690 _aHOUSING
700 _aNellis, J.
942 _n0
948 _c04/03/1997
999 _c34619
_d34619